| 000 | 00424nam a2200193Ia 4500 | ||
|---|---|---|---|
| 005 | 20240823051528.0 | ||
| 008 | 240823s9999||||xx |||||||||||||| ||und|| | ||
| 020 | _a81-88661-26-0 | ||
| 041 | _aENGLISH | ||
| 082 | _A780.9548 P4 | ||
| 100 | _aSriram V. | ||
| 245 | 0 | _aCarnatic Summer | |
| 250 | _a1st | ||
| 260 |
_c2004 _bEast west |
||
| 500 | _aYES | ||
| 650 |
_aGeneral _bGeneral |
||
| 942 | _cBK | ||
| 999 |
_c219793 _d219793 |
||